Statistics for Charlotte Hornets: Most 3-PT FGs Each Year

Click here to take the quiz!

General Stats

  • This quiz has been taken 133 times
    (2 since last reset)
  • The average score is 21 of 34

Answer Stats

YearPlayer3-PT FGs% Correct
1989-1990Dell Curry52
100%
1991-1992Dell Curry74
100%
1992-1993Dell Curry95
100%
1993-1994Dell Curry152
100%
1994-1995Dell Curry154
100%
1995-1996Glen Rice171
100%
1996-1997Glen Rice207
100%
1997-1998Glen Rice130
100%
2017-2018Kemba Walker231
100%
2015-2016Kemba Walker182
100%
2018-2019Kemba Walker260
100%
2013-2014Kemba Walker109
100%
2011-2012Kemba Walker69
100%
2016-2017Kemba Walker240
100%
2014-2015Marvin Williams95
100%
2001-2002Baron Davis170
50%
1998-1999Bobby Phills68
50%
2008-2009D.J. Augustin108
50%
1999-2000Eddie Jones128
50%
2005-2006Jumaine Jones115
50%
1988-1989Rex Chapman60
50%
1990-1991Rex Chapman48
50%
2010-2011Stephen Jackson121
50%
2009-2010Stephen Jackson118
50%
2020-2021Terry Rozier222
50%
2022-2023Terry Rozier165
50%
2021-2022Terry Rozier222
50%
2012-2013Ben Gordon113
0%
2023-2024Brandon Miller184
0%
2019-2020Devonte' Graham218
0%
2000-2001Jamal Mashburn103
0%
2004-2005Jason Kapono80
0%
2007-2008Jason Richardson243
0%
2006-2007Matt Carroll111
0%

Score Distribution

Percentile by Number Answered

Percent of People with Each Score

Your Score History

You have not taken this quiz since the last reset